Reprezentanci Polski na Euro 2020 - nagła śmierć - Statystyki

Ogólne statystyki
  • Ten quiz został rozwiązany 248 razy
  • Średni wynik to 5 z 12
Answers on the Grid
Answers color-coded by a green-red scale on the quiz's grid according to % correct below.
Jan Bednarek
Nicola Zalewski
Grzegorz Krychowiak
Sebastian Szymański
Kacper Urbański
Robert Lewandowski
Ludovic Obraniak
Jakub Moder
Jakub Błaszczykowski
Bartosz Bereszyński
Jakub Kiwior
Piotr Zieliński
Michał Pazdan
Damian Kądzior
Przemysław Frankowski
Emmanuel Olisadebe
Tymoteusz Puchacz
Maciej Żurawski
Łukasz Fabiański
Artur Sobiech
Kamil Piątkowski
Jakub Świerczok
Adrian Mierzejewski
Kacper Kozłowski
 
Statystyki odpowiedzi
Odpowiedź % Poprawnych
Jan Bednarek
87%
Grzegorz Krychowiak
75%
Robert Lewandowski
67%
Piotr Zieliński
48%
Bartosz Bereszyński
42%
Jakub Moder
34%
Kacper Kozłowski
34%
Przemysław Frankowski
32%
Tymoteusz Puchacz
30%
Łukasz Fabiański
24%
Jakub Świerczok
19%
Kamil Piątkowski
11%
Nie znaleziono quizów pasujących do podanych kryteriów
Rozkład punktacji
Procent ludzi z każdym wynikiem
Percentyl według liczby udzielonych odpowiedzi
Twoja historia wyników
Nie rozwiązałeś tego quizu